Qui sont les meilleures duo Disney - Statistiques

Statistiques générales
  • Ce quiz a été pris 123 fois
  • Le résultat moyen est 14 sur 22
Statistiques - réponses
Hint Réponse % Correct
tic tac
95%
lilo stitch
87%
woody buzz
86%
joie tristesse
82%
rox rouky
79%
simba nala
78%
kristoff sven
78%
peter pan clochette
76%
flash mcqueen martin
73%
mickey pluto
71%
marin dory
67%
sulli bob
65%
winnie tigrou
60%
ralph vaneloppe
58%
timon pumbaa
57%
lumiere big ben
55%
aladdin le génie
55%
judy nick
55%
jaq jaq gus
47%
tiana charlotte
34%
clochette vidia
11%
penny volt
7%
Aucun quiz correspondant
Distribution des résultats
% des personnes avec chaque résultat
Percentile par nombre de réponses
Votre historique - résultats
Vous n’avez pas pris ce quiz